Dějiny ekonomických učení : určeno pro posl. polit. ekonomie. Část 2 /

Main Author: Šmejkal, Miroslav
Corporate Author: Vysoká škola ekonomická v Praze
Other Authors: Šafaříková, Vlasta,, Petráček, Jaroslav
Language: Czech
Published: Praha : SNTL, 1967
Edition: 1. vyd.
Series: Učební texty vysokých škol (SNTL)
Physical Description: 118 s. ; 4°
Book
Saved in:
LEADER 01174nam a22003252a 4500
001 001756454
003 CZ BrMZK
005 20230814140824.0
007 ta
008 200630s1967 xr er|||||||||||cze d
015 |a cnb000445990 
035 |a (OCoLC)42186280 
040 |a ABA001  |b cze  |c BOA001  |d ABA001  |d BOA001  |e aacr2 
100 1 |a Šmejkal, Miroslav  |7 jk01130528  |4 aut 
245 1 0 |a Dějiny ekonomických učení :  |b určeno pro posl. polit. ekonomie.  |n Část 2 /  |c Miroslav Šmejkal, Jaroslav Petráček, Vlasta Šafaříková 
250 |a 1. vyd. 
260 |a Praha :  |b SNTL,  |c 1967  |f (SČT 17) 
300 |a 118 s. ;  |c 4° 
490 1 |a Učební texty vys. škol 
500 |a Vyd. Vys. škola ekon. v Praze 
500 |a 1000 výt. 
504 |a Obsahuje bibliografické odkazy 
700 1 |a Šafaříková, Vlasta,  |4 aut 
700 1 |a Petráček, Jaroslav  |7 jk01092769  |4 aut 
710 2 |a Vysoká škola ekonomická v Praze  |7 kn20010709403 
830 0 |a Učební texty vysokých škol (SNTL)  |0 s 
910 |a BOA001  |b 4-0558.778,2 
990 |a BK 
991 |b 202007 
996 6 |b 2618962608  |c 4-0558.778,2  |l MZK  |r Sklad / do 1 hodiny  |n 0  |w 001811352  |u 000010  |a 1  |e BOA001  |j MZK50  |s P